[Event "CZE-ch Youth B16 2022"]
[Site "Luhacovice"]
[Date "2022.03.19"]
[Round "9.12"]
[White "Trojan, Matyas"]
[Black "Simek, Viktor"]
[Result "1/2-1/2"]
[WhiteElo "1582"]
[BlackElo "1527"]
[Annotator "NA"]
[PlyCount "63"]
[EventDate "2022.03.12"]
[EventType "swiss"]
[EventCountry "CZE"]
[SourceTitle "playchess.com"]
[Source "ChessBase"]
[SourceQuality "1"]
[TimeControl "40/5400+30:1800+30"]

1. e4 {[%emt 0:00:03]} e5 {[%emt 0:00:03]} 2. Nf3 {[%emt 0:00:06]} Nc6 {[%emt 0:00:05]} 3. d4 {[%emt 0:00:04]} exd4 {[%emt 0:00:27]} 4. Nxd4 {[%emt 0:00:07]} Bc5 {[%emt 0:00:18]} 5. Nb3 {[%emt 0:00:09]} Bb6 {[%emt 0:00:04]} 6. Nc3 {[%emt 0:00:09]} d6 {[%emt 0:00:48]} 7. Bf4 {[%emt 0:00:31]} Nf6 {[%emt 0:01:39]} 8. Qe2 {[%emt 0:04:14]} Be6 {[%emt 0:06:05]} 9. O-O-O {[%emt 0:02:34]} Qe7 {[%emt 0:01:15]} 10. f3 {[%emt 0:14:05]} O-O-O {[%emt 0:00:55]} 11. Bg5 {[%emt 0:15:01]} h6 {[%emt 0:00:47]} 12. Bh4 {[%emt 0:03:04]} g5 {[%emt 0:01:12]} 13. Bf2 {[%emt 0:02:26]} Nd7 {[%emt 0:10:09]} 14. Bxb6 {[%emt 0:06:13]} Nxb6 {[%emt 0:00:32]} 15. Nd4 {[%emt 0:01:17]} Nxd4 {[%emt 0:02:38]} 16. Rxd4 {[%emt 0:00:06]} Qf6 {[%emt 0:00:35]} 17. Qf2 {[%emt 0:02:52]} Rhe8 {[%emt 0:05:05]} 18. g3 {[%emt 0:07:19]} d5 {[%emt 0:10:04]} 19. exd5 {[%emt 0:03:11]} Nxd5 {[%emt 0:01:32]} 20. Nxd5 {[%emt 0:01:48]} Bxd5 {[%emt 0:02:01]} 21. Bh3+ {[%emt 0:00:52]} Kb8 {[%emt 0:01:14]} 22. Rhd1 {[%emt 0:02:35]} Be6 {[%emt 0:02:51]} 23. Rxd8+ {[%emt 0:02:19]} Rxd8 {[%emt 0:00:05]} 24. Rxd8+ {[%emt 0:00:07]} Qxd8 {[%emt 0:00:03]} 25. Bxe6 {[%emt 0:00:08]} fxe6 {[%emt 0:00:05]} 26. Qd2 {[%emt 0:09:01]} Qf6 {[%emt 0:01:19]} 27. c3 {[%emt 0:02:49]} b6 {[%emt 0:01:16]} 28. Qd3 {[%emt 0:01:06]} Qe5 {[%emt 0:01:44]} 29. Kd2 {[%emt 0:01:15]} Qc5 {[%emt 0:01:07]} 30. Qe4 {[%emt 0:01:52]} Qg1 {[%emt 0:01:13]} 31. Qe2 {[%emt 0:01:54]} Qb1 {[%emt 0:00:33]} 32. Qxe6 {[%emt 0:01:23]} 1/2-1/2